00556nam a2200193 a 4500008004100000020001500041050001600056100002100072245003900093246004800132250001200180260003300192300002300225350001000248650003200258650000900290650003300299650003000332080109s1991 ||||||||||||||||| || u a0895887339 aQ 183.9 Orv aOrvis, William J10a1-2-3 for Scientists and engineers aOne-two-three for scientists and engineers. a2nd ed. aSan Francisco :bSybexc1991 axxiv, 371p. : ill. a10.00 aLOTUS 1-2-3 (COMPUTER FILE) aDATA aENGINEERING--DATA PROCESSING aScience - Data processing